000 00567nam a22002057a 4500
005 20251108175137.0
008 250721s2011 xx 000 0 ara d
082 1 4 _a741/عطي
100 1 _aعطية، عبود طلعت
245 1 0 _aمعرض العربي /
264 1 _aالكويت :
_bوزارة الإعلام،
_c2011.
300 _a224 ص.
650 1 7 _aالفنون
650 1 7 _aالرسم
650 1 7 _aالرسومات
650 1 7 _aالرسوم الفنية
650 1 7 _aاللوحات الزيتية
942 _2ddc
_cBK
999 _c127220
_d127220